00502nam a2200193 a 4500001001300000003000900013005001700022008004100039020001000080082001400090100002400104245004900128260003200177300000800209500003500217505001600252650001600268700002400284nice12345678IN_TiNIC20260116012633.0050524s1997 luca grp 000 0 ara  ac10000a239bABD5 aAbdul Hai, Mohammad aAl-Rashidiyya Sharah-Ul-Risalatil Sharifiyya aLucknowbYusufi Pressc1997 a64p aincludes index and biblioraphy2 aManuscript. aApologetics1 aAbdul Hai, Mohammad